000 00416nam a2200145 i 4500
001 58098
003 ES-MaACL
007 t|
008 031021s1922 fr ||||1| fre d
100 1 _aDuchĂȘne, Ferdinand.
_945822
245 1 4 _aLes Barbaresques
_b: au pas lent des Caravanes, Roman /
_cFerdinand DuchĂȘne.
260 _aParis :
_bAlbin Michel,
_c[1922]
300 _a256 p. ;
_c20 cm.
852 _aES-MaACL
_jG-3424
999 _c58098
_d58098